|
|
|
|
| LEADER |
00742nam a2200193 i 4500 |
| 001 |
c000029234 |
| 003 |
CARM |
| 005 |
00000000000000.0 |
| 008 |
850607s1974 cu 0 eng d |
| 019 |
1 |
|
|a 9255441
|5 LACONCORD2021
|
| 035 |
|
|
|a (OCoLC)221311479
|5 LACONCORD2021
|
| 100 |
1 |
|
|a Alexis, Jacques Stephen,
|d 1922-.
|
| 245 |
1 |
0 |
|a El compadre general sol /
|c Jacques Stephen Alexis.
|
| 260 |
|
|
|a La Habana :
|b Casa de las Americas,
|c 1974.
|
| 300 |
|
|
|a 254 p.
|
| 490 |
0 |
|
|a Coleccion Literatura latinoamericana
|
| 852 |
8 |
|
|b CARM
|h A2:AF09G0
|i A00392
|p 0058467
|f BK
|
| 999 |
f |
f |
|i 4a35e2d3-2bab-5d72-939e-ed115bac6019
|s 66db1667-2ac7-5424-a3bd-00df08631c64
|
| 952 |
f |
f |
|p Can circulate
|a CAVAL
|b CAVAL
|c CAVAL
|d CARM 1 Store
|e A00392
|f A2:AF09G0
|h Other scheme
|i book
|m 0058467
|